NASCAR legends

Bibliographic Details
Main Author: Edelstein, Robert
Format: Book
Published: Detroit : Gale Cengage Learning , 2011
Subjects:

MARC

LEADER 00000cam a2200000 7i4500
001 0000166313
005 20120927.0
020 |a 1410436594 
020 |a 9781410436597 
090 0 0 |a 796.7209   |b EDE 
100 1 |a Edelstein, Robert 
245 1 0 |a NASCAR legends   |c Robert Edelstein 
260 |a Detroit :   |b Gale Cengage Learning ,   |c 2011 
300 |a 529p. ;   |c 22cm. 
500 |a Large Print 
650 0 0 |a NASCAR (Association)   |x History 
650 0 0 |a Stock car drivers   |x History 
650 0 0 |a Stock car racing   |x History 
999 |a 00265927   |b BUKU   |c PINJAMAN   |e PERPUSTAKAAN KOMUNITI PETALING JAYA